[Event "27th ECC Women 2023"]
[Site "Durres ALB"]
[Date "2023.10.04"]
[Round "4.2"]
[Board "1"]
[White "Khotenashvili, Bella"]
[Black "Song, Yuxin"]
[Result "1-0"]
[WhiteTitle "GM"]
[BlackTitle "WIM"]
[WhiteElo "2483"]
[BlackElo "2404"]
[WhiteTeam "Garuda Ajka BSK"]
[BlackTeam "TAJFUN SK Ljubljana"]
[WhiteFideId "13602640"]
[BlackFideId "8614300"]
[EventDate "2023.10.01"]

1. d4 Nf6 2. Nf3 d5 3. c4 e6 4. g3 dxc4 5. Bg2 c5 6. O-O Nc6 7. dxc5 Qxd1 8.
Rxd1 Bxc5 9. Nbd2 c3 10. bxc3 O-O 11. Nb3 Be7 12. c4 Bd7 13. Bb2 Rfd8 14. Nfd4
Rac8 15. Nb5 b6 16. Nd6 Rc7 17. Rd2 Be8 18. Rad1 Bxd6 19. Rxd6 Rxd6 20. Rxd6 Rd7
21. Rxd7 Bxd7 22. Ba3 Ne5 23. Nd2 Bc6 24. f3 Ned7 25. Kf2 Nc5 26. Nb3 Nfd7 27.
Ke3 Bb7 28. h4 f6 29. Bh3 Kf7 30. Kd4 e5+ 31. Kc3 Bc6 32. Bc1 Ne6 33. Be3 g6 34.
Na1 f5 35. Nc2 Nf6 36. Nb4 Bb7 37. Nd3 Nd7 38. Kb4 Bc6 39. Kc3 Bb7 40. Bf2 Ke7
41. g4 fxg4 42. Bxg4 e4 43. fxe4 Nf6 44. Bf3 Nxe4+ 45. Bxe4 Bxe4 46. a4 Kd6 47.
a5 Nc5 48. Bg3+ Kd7 49. Bb8 Nxd3 50. exd3 Bb7 51. Bxa7 bxa5 52. d4 Kd6 53. Bb8+
Ke6 54. Bc7 a4 55. Kb4 Bc6 56. Bf4 Be8 57. Bc1 Bc6 58. Kc5 Be4 59. d5+ Kd7 60.
Kd4 Bc2 61. c5 Bb3 62. c6+ Kc8 63. d6 Be6 64. Ke5 Bf5 65. Kf6 Kd8 66. Kf7 h6 67.
Bxh6 a3 68. Bg5+ Kc8 69. Ke7 1-0

[Event "27th ECC Women 2023"]
[Site "Durres ALB"]
[Date "2023.10.04"]
[Round "4.2"]
[Board "2"]
[White "Buksa, Nataliya"]
[Black "Hoang, Thanh Trang"]
[Result "1-0"]
[WhiteTitle "IM"]
[BlackTitle "GM"]
[WhiteElo "2361"]
[BlackElo "2398"]
[WhiteTeam "TAJFUN SK Ljubljana"]
[BlackTeam "Garuda Ajka BSK"]
[WhiteFideId "14123622"]
[BlackFideId "12400149"]
[EventDate "2023.10.01"]

1. e4 e6 2. d4 d5 3. Nc3 Bb4 4. e5 b6 5. Bd2 Ne7 6. f4 Ba6 7. Bxa6 Nxa6 8. Qe2
Nb8 9. Qb5+ Nbc6 10. a3 Bxc3 11. Bxc3 Qd7 12. Qd3 Ng6 13. g3 h5 14. Nf3 h4 15.
O-O-O O-O-O 16. Bd2 hxg3 17. hxg3 Nce7 18. g4 f5 19. exf6 gxf6 20. Rde1 Rxh1 21.
Rxh1 Rh8 22. Rxh8+ Nxh8 23. Qh7 Neg6 24. Qg8+ Kb7 25. g5 fxg5 26. Nxg5 Qb5 27.
b3 Qf1+ 28. Kb2 Qf2 29. Nxe6 Qxd2 30. Qd8 Nxf4 31. Qxc7+ Ka6 32. Nc5+ bxc5 33.
Qc6+ Ka5 34. Qxc5+ Ka6 35. Qc6+ Ka5 36. b4+ Qxb4+ 37. axb4+ Kxb4 38. c3+ Ka5 39.
Qc7+ Ka6 40. Qxf4 1-0

[Event "27th ECC Women 2023"]
[Site "Durres ALB"]
[Date "2023.10.04"]
[Round "4.2"]
[Board "3"]
[White "Salimova, Nurgyul"]
[Black "Unuk, Laura"]
[Result "0-1"]
[WhiteTitle "IM"]
[BlackTitle "IM"]
[WhiteElo "2424"]
[BlackElo "2313"]
[WhiteTeam "Garuda Ajka BSK"]
[BlackTeam "TAJFUN SK Ljubljana"]
[WhiteFideId "2915138"]
[BlackFideId "14609215"]
[EventDate "2023.10.01"]

1. Nf3 d5 2. d4 e6 3. c4 a6 4. Nbd2 Nf6 5. Qc2 c5 6. cxd5 cxd4 7. Nxd4 Nxd5 8.
e3 Bd7 9. N2f3 Nc6 10. Bd2 Rc8 11. Qb3 Bb4 12. Nxc6 Bxd2+ 13. Nxd2 Bxc6 14. Be2
O-O 15. Rd1 Qd7 16. Qa3 Bb5 17. Bf3 Qc6 18. h4 Rfd8 19. h5 h6 20. Rh4 Qc7 21.
Be2 Bxe2 22. Kxe2 b5 23. Nf3 Nf4+ 24. Rxf4 Rxd1 25. Qb3 Rdd8 26. Ne1 Qc1 27. Rd4
Rxd4 28. exd4 Rc4 29. Nd3 Qh1 30. Ne5 Rxd4 31. Ke3 Rd5 32. Qc3 Qxh5 33. f4 Qd1
34. Nf3 Rd8 35. Qc7 Qd3+ 36. Kf2 Rf8 37. b3 Qb1 38. Qa5 Qc2+ 39. Kg3 Qc6 40. Ne5
Qd6 41. Qc3 Rd8 42. Qf3 f6 43. Ng4 Qd3 44. Ne3 Rd4 0-1

[Event "27th ECC Women 2023"]
[Site "Durres ALB"]
[Date "2023.10.04"]
[Round "4.2"]
[Board "4"]
[White "Urh, Zala"]
[Black "Injac, Teodora"]
[Result "1/2-1/2"]
[WhiteTitle "WIM"]
[BlackTitle "IM"]
[WhiteElo "2216"]
[BlackElo "2426"]
[WhiteTeam "TAJFUN SK Ljubljana"]
[BlackTeam "Garuda Ajka BSK"]
[WhiteFideId "14611481"]
[BlackFideId "932400"]
[EventDate "2023.10.01"]

1. d4 Nf6 2. Nf3 e6 3. Bf4 b6 4. e3 Bb7 5. Nbd2 Nh5 6. Bg5 Be7 7. Bxe7 Qxe7 8.
Bd3 c5 9. O-O O-O 10. c3 d6 11. a4 Nc6 12. Qb1 Nf6 13. e4 cxd4 14. cxd4 Nh5 15.
b4 a5 16. bxa5 bxa5 17. Bb5 Rab8 18. Rc1 Nf4 19. g3 Nh3+ 20. Kg2 Ng5 21. Nxg5
Qxg5 22. Qd3 Nb4 23. Qe2 Rbc8 24. Nc4 Qd8 25. f3 d5 26. exd5 Bxd5 27. Ne5 Qg5
28. Rc5 Rxc5 29. dxc5 Rc8 30. Nd7 h6 31. Rd1 Qf5 32. Qf2 g5 33. h3 h5 34. Rf1 g4
35. Qd4 Bxf3+ 36. Kh2 Nd5 37. Bd3 Qg5 38. Ne5 Qe3 39. Nxf3 gxf3 40. Qxe3 Nxe3
41. Rxf3 Nd5 42. Bb5 Rxc5 43. Kg2 Kg7 44. Kf2 f5 45. Rb3 Rc2+ 46. Kf1 Kf6 47. h4
Ke5 48. Be2 Ra2 49. Bxh5 Rxa4 50. Bf3 Ra1+ 51. Kg2 a4 52. Rb7 Nf6 53. h5 a3 54.
h6 Ra2+ 55. Kh3 Rf2 56. Bg2 Rb2 57. Ra7 a2 58. Bf3 Nh7 59. Bh5 Kf6 60. g4 fxg4+
61. Bxg4 Kg6 62. Bxe6 Ng5+ 63. Kg3 Nxe6 64. h7 Rb8 65. Rxa2 Kxh7 66. Ra6 Re8 67.
Kg4 Kg6 68. Rb6 Kf6 69. Ra6 Rc8 70. Rb6 Rc4+ 71. Kf3 Kf5 72. Rb5+ Nc5 73. Ke3
Ke5 74. Rb8 Rc3+ 75. Kd2 Ne4+ 76. Ke2 Nf6 77. Kd2 Rh3 78. Ra8 Nd5 79. Ra4 Rg3
80. Kc2 Kd6 81. Ra6+ Kc5 82. Ra8 Kc4 83. Ra4+ Kc5 84. Ra8 Nb6 85. Rb8 Nc4 86.
Rc8+ Kd5 87. Rd8+ Nd6 88. Kd2 Rh3 89. Kc2 Kc5 90. Kd2 Ne4+ 91. Ke2 Nc3+ 92. Kf2
Nd5 93. Ra8 Kd4 94. Ra4+ Ke5 95. Ra8 Nf6 96. Ke2 Rb3 97. Rf8 Nd5 98. Re8+ Kd4
99. Rd8 Rb2+ 100. Kf3 Ke5 101. Re8+ Kf5 102. Rf8+ Nf6 103. Ke3 Ke5 104. Kd3 Rb7
105. Rh8 Kd5 106. Rd8+ Rd7 107. Rxd7+ Nxd7 1/2-1/2

[Event "27th ECC Women 2023"]
[Site "Durres ALB"]
[Date "2023.10.04"]
[Round "4.3"]
[Board "1"]
[White "Ushenina, Anna"]
[Black "Muzychuk, Mariya"]
[Result "1/2-1/2"]
[WhiteTitle "GM"]
[BlackTitle "GM"]
[WhiteElo "2434"]
[BlackElo "2519"]
[WhiteTeam "SP Gaz Ukraine"]
[BlackTeam "Monte Carlo"]
[WhiteFideId "14110911"]
[BlackFideId "14114550"]
[EventDate "2023.10.01"]

1. d4 d5 2. c4 c6 3. Nf3 Nf6 4. Nc3 e6 5. e3 Nbd7 6. Bd3 dxc4 7. Bxc4 b5 8. Bd3
a6 9. e4 c5 10. d5 c4 11. dxe6 cxd3 12. exd7+ Qxd7 13. Ne5 Qe7 14. Bf4 Nxe4 15.
O-O Nxc3 16. bxc3 Qb7 17. Qxd3 Be7 18. a4 O-O 19. axb5 axb5 20. Rxa8 Qxa8 21.
Re1 b4 22. cxb4 Bxb4 23. Qe4 Qxe4 24. Rxe4 Bd6 25. Nc6 Bxf4 26. Rxf4 Re8 27. h3
Bb7 28. Nd4 g6 29. Rf6 Kg7 30. Rd6 Re7 31. Kh2 Bc8 32. Kg3 Rd7 33. Rxd7 Bxd7 34.
Kf4 Kf6 35. h4 h6 36. f3 g5+ 37. hxg5+ hxg5+ 38. Ke4 Bc8 39. g4 Bb7+ 40. Ke3 Ke5
41. Nf5 Bc8 42. Ng3 f5 1/2-1/2

[Event "27th ECC Women 2023"]
[Site "Durres ALB"]
[Date "2023.10.04"]
[Round "4.3"]
[Board "2"]
[White "Muzychuk, Anna"]
[Black "Javakhishvili, Lela"]
[Result "1/2-1/2"]
[WhiteTitle "GM"]
[BlackTitle "IM"]
[WhiteElo "2510"]
[BlackElo "2437"]
[WhiteTeam "Monte Carlo"]
[BlackTeam "SP Gaz Ukraine"]
[WhiteFideId "14111330"]
[BlackFideId "13601458"]
[EventDate "2023.10.01"]

1. c4 e6 2. Nc3 d5 3. d4 Nf6 4. cxd5 exd5 5. Bg5 c6 6. e3 Nbd7 7. Bd3 Be7 8. Qc2
O-O 9. Nf3 Re8 10. O-O Nf8 11. h3 g6 12. Ne5 Ne6 13. Bxf6 Bxf6 14. f4 Ng7 15. g4
Be7 16. Rae1 f6 17. Nf3 Be6 18. Qg2 Kh8 19. Kh1 Qd7 20. Rg1 Bd6 21. Qf2 Bf7 22.
Qh4 Qd8 23. Qf2 Qd7 24. Qh4 Qd8 25. Qf2 Qd7 1/2-1/2

[Event "27th ECC Women 2023"]
[Site "Durres ALB"]
[Date "2023.10.04"]
[Round "4.3"]
[Board "4"]
[White "Paehtz, Elisabeth"]
[Black "Zhukova, Natalia"]
[Result "0-1"]
[WhiteTitle "GM"]
[BlackTitle "GM"]
[WhiteElo "2484"]
[BlackElo "2303"]
[WhiteTeam "Monte Carlo"]
[BlackTeam "SP Gaz Ukraine"]
[WhiteFideId "4641833"]
[BlackFideId "14101513"]
[EventDate "2023.10.01"]

1. Nf3 d5 2. g3 c6 3. Bg2 Bg4 4. c4 e6 5. Qb3 Qc8 6. O-O Nf6 7. d4 Be7 8. Nc3
Nbd7 9. Bf4 O-O 10. h3 Bxf3 11. Bxf3 Nb6 12. cxd5 exd5 13. Bg2 Qd8 14. a4 a5 15.
Rad1 Re8 16. Be5 Bb4 17. Bxf6 Qxf6 18. e3 Qd8 19. Na2 Bd6 20. Nc1 Qc7 21. Qc2
Nd7 22. Ne2 Nf6 23. Nc3 Re7 24. Qf5 Rae8 25. Rc1 Qb6 26. Qc2 g6 27. Bf3 h5 28.
Kg2 Kg7 29. Rfe1 h4 30. g4 Bb8 31. Ne2 Qc7 32. Rh1 Nh7 33. Nf4 Ng5 34. Nxd5 cxd5
35. Qxc7 Bxc7 36. Bxd5 Bd6 37. Rc2 f5 38. gxf5 gxf5 39. Rc3 Kf6 40. Rb3 Bb4 41.
Kf1 Rc8 42. Rd3 Rc2 43. b3 Ne4 44. Rh2 Bd6 45. Rg2 Nc3 0-1

[Event "27th ECC Women 2023"]
[Site "Durres ALB"]
[Date "2023.10.04"]
[Round "4.4"]
[Board "2"]
[White "Wagner, Dinara"]
[Black "Martynkova, Olena"]
[Result "1-0"]
[WhiteTitle "WGM"]
[BlackTitle "WIM"]
[WhiteElo "2461"]
[BlackElo "2229"]
[WhiteTeam "Superchess"]
[BlackTeam "Panevezys"]
[WhiteFideId "24157570"]
[BlackFideId "14134039"]
[EventDate "2023.10.01"]

1. d4 d5 2. c4 c6 3. Nf3 Nf6 4. e3 g6 5. Nc3 Bg7 6. Be2 O-O 7. O-O c5 8. dxc5
dxc4 9. Bxc4 Nbd7 10. Qe2 Nxc5 11. Rd1 Qc7 12. Bd2 Be6 13. Rac1 Bxc4 14. Qxc4
Rac8 15. b4 Ne6 16. Qb3 Qb8 17. h3 Rfd8 18. e4 Nd4 19. Nxd4 Rxd4 20. Be3 Rxd1+
21. Rxd1 Ng4 22. hxg4 Bxc3 23. b5 e6 24. Rd7 Ba5 25. Bh6 Qe5 26. Qf3 f6 27. Rg7+
Kh8 28. Rf7 g5 29. Qxf6+ Qxf6 30. Rxf6 Rg8 31. Rxe6 Bd2 32. g3 b6 33. Kg2 Bc1
34. Re5 Bd2 35. Rf5 Bc1 36. Rf8 Bd2 37. Rxg8+ Kxg8 38. f4 1-0

[Event "27th ECC Women 2023"]
[Site "Durres ALB"]
[Date "2023.10.04"]
[Round "4.4"]
[Board "3"]
[White "Zaksaite, Salomeja"]
[Black "Bulmaga, Irina"]
[Result "1/2-1/2"]
[WhiteTitle "WIM"]
[BlackTitle "IM"]
[WhiteElo "2217"]
[BlackElo "2423"]
[WhiteTeam "Panevezys"]
[BlackTeam "Superchess"]
[WhiteFideId "12801496"]
[BlackFideId "13903063"]
[EventDate "2023.10.01"]

1. e4 e5 2. Nf3 Nc6 3. d4 exd4 4. Nxd4 Nf6 5. Nxc6 bxc6 6. Bd3 d5 7. exd5 cxd5
8. O-O Be7 9. c4 d4 10. Nd2 O-O 11. Ne4 Rb8 12. Nxf6+ Bxf6 13. b4 Re8 14. Bd2
Qd7 15. Qc2 g6 16. h3 Bb7 17. b5 a6 18. a4 axb5 19. axb5 c6 20. Bf4 Be5 21. Bxe5
Rxe5 22. Rae1 Rbe8 23. Rxe5 Rxe5 24. Qd2 cxb5 25. cxb5 Rh5 26. f3 Qd6 27. Rd1 h6
28. Be4 Bxe4 29. fxe4 Rxb5 30. Qxd4 Qxd4+ 31. Rxd4 Rb2 32. Kh2 Kg7 33. Kg3 Kf6
34. Kf3 Rb3+ 35. Kf2 Ke5 36. Ra4 Kf4 37. g3+ Ke5 38. h4 f6 39. Rc4 h5 40. Ra4
Rd3 41. Ra6 Rd4 42. Kf3 Rd3+ 43. Kf2 1/2-1/2

[Event "27th ECC Women 2023"]
[Site "Durres ALB"]
[Date "2023.10.04"]
[Round "4.4"]
[Board "4"]
[White "Efroimski, Marsel"]
[Black "Kantane, Anna"]
[Result "1-0"]
[WhiteTitle "IM"]
[BlackTitle "WIM"]
[WhiteElo "2447"]
[BlackElo "2260"]
[WhiteTeam "Superchess"]
[BlackTeam "Panevezys"]
[WhiteFideId "2810964"]
[BlackFideId "1135988"]
[EventDate "2023.10.01"]

1. e4 e5 2. Nf3 Nc6 3. Bb5 a6 4. Ba4 Nf6 5. Nc3 Bc5 6. d3 b5 7. Bb3 d6 8. Nd5 h6
9. c3 O-O 10. Nxf6+ Qxf6 11. Bd5 Bd7 12. Rg1 Qe7 13. g4 Rab8 14. g5 g6 15. gxh6
Kh8 16. Bg5 f6 17. Bd2 Qh7 18. b4 Bb6 19. h4 Ne7 20. Bb3 Ng8 21. Qc1 a5 22. bxa5
Bxa5 23. Ke2 c5 24. Be3 c4 25. dxc4 bxc4 26. Bc2 Bxc3 27. Rb1 Bb5 28. Qa3 Bd4
29. Bxd4 exd4 30. Nxd4 Qxh6 31. Nxb5 Qh5+ 32. Qf3 Rxb5 33. Rxb5 Qxb5 34. Rxg6
Qe5 35. Qg4 Rb8 36. f4 Qe7 37. e5 f5 38. Bxf5 Rb2+ 39. Kd1 1-0

[Event "27th ECC Women 2023"]
[Site "Durres ALB"]
[Date "2023.10.04"]
[Round "4.5"]
[Board "1"]
[White "Danielian, Elina"]
[Black "Houska, Jovanka"]
[Result "1/2-1/2"]
[WhiteTitle "GM"]
[BlackTitle "IM"]
[WhiteElo "2416"]
[BlackElo "2340"]
[WhiteTeam "SK Crvena zvezda Data Driven Lab"]
[BlackTeam "Wood Green"]
[WhiteFideId "13300210"]
[BlackFideId "405094"]
[EventDate "2023.10.01"]

1. d4 d5 2. c4 e6 3. Nc3 Nf6 4. Nf3 Be7 5. Bf4 O-O 6. e3 c5 7. dxc5 Bxc5 8. Qc2
Nc6 9. a3 Qa5 10. Nd2 Be7 11. Rd1 e5 12. Bg5 d4 13. Nb3 Qb6 14. Bxf6 Bxf6 15.
Nd5 Qd8 16. Bd3 g6 17. exd4 Nxd4 18. Nxd4 exd4 19. O-O Bg7 20. Rde1 Be6 21. Nf4
Bd7 22. Be4 Bc6 23. Bxc6 bxc6 24. Qe4 Qd7 25. Nd3 a5 26. b3 h5 27. h4 Rfe8 28.
Qf3 Qd6 29. b4 Rxe1 30. Rxe1 axb4 31. axb4 Ra3 32. c5 Qf6 33. Qe4 Kh7 34. Rd1
Rb3 35. g3 Kg8 36. Kg2 Kh7 37. Ra1 Qd8 38. Rd1 Qd7 39. Rd2 Bf6 40. Rd1 Bg7 41.
Re1 Bf6 42. Re2 Qb7 43. Rd2 Bg7 44. Rd1 Qd7 45. Rd2 1/2-1/2

[Event "27th ECC Women 2023"]
[Site "Durres ALB"]
[Date "2023.10.04"]
[Round "4.5"]
[Board "2"]
[White "Yao, Lan"]
[Black "Rapport, Jovana"]
[Result "1/2-1/2"]
[WhiteTitle "WIM"]
[BlackTitle "WGM"]
[WhiteElo "2311"]
[BlackElo "2324"]
[WhiteTeam "Wood Green"]
[BlackTeam "SK Crvena zvezda Data Driven Lab"]
[WhiteFideId "8610835"]
[BlackFideId "937266"]
[EventDate "2023.10.01"]

1. e4 e6 2. d4 d5 3. Bd3 dxe4 4. Bxe4 Nf6 5. Bf3 Be7 6. Ne2 O-O 7. Nbc3 c5 8.
Be3 Qa5 9. O-O Nc6 10. Qe1 cxd4 11. Nxd4 Ne5 12. Qe2 Nxf3+ 13. Qxf3 Bd7 14. Qg3
Rfc8 15. Rad1 Be8 16. Rfe1 Qh5 17. Bf4 Qg6 18. Qf3 Bc6 19. Nxc6 Rxc6 20. Rd3 h6
21. h3 a6 22. Qd1 b5 23. Rg3 Qh7 24. Be5 Qf5 25. Rf3 Qg6 26. Rg3 Qf5 27. Rf3 Qg6
28. Rg3 Qf5 1/2-1/2

[Event "27th ECC Women 2023"]
[Site "Durres ALB"]
[Date "2023.10.04"]
[Round "4.5"]
[Board "3"]
[White "Mkrtchian, Lilit"]
[Black "Toma, Katarzyna"]
[Result "1-0"]
[WhiteTitle "IM"]
[BlackTitle "WGM"]
[WhiteElo "2389"]
[BlackElo "2224"]
[WhiteTeam "SK Crvena zvezda Data Driven Lab"]
[BlackTeam "Wood Green"]
[WhiteFideId "13300601"]
[BlackFideId "1119907"]
[EventDate "2023.10.01"]

1. Nf3 Nf6 2. b3 e6 3. Bb2 d5 4. e3 Nbd7 5. c4 c6 6. Qc2 Bd6 7. Nc3 O-O 8. Be2
a6 9. d4 dxc4 10. bxc4 e5 11. O-O exd4 12. exd4 Re8 13. Rad1 Nf8 14. Rfe1 Ng6
15. g3 Bg4 16. Ng5 Bxe2 17. Rxe2 Qd7 18. Rde1 Rxe2 19. Rxe2 h6 20. Nge4 Nxe4 21.
Nxe4 Bf8 22. f3 Rd8 23. Kg2 b5 24. Nf2 Re8 25. Re4 bxc4 26. Qxc4 Rb8 27. Re2 a5
28. Nd3 Qd5 29. Rc2 Ne7 30. Qxd5 cxd5 31. g4 Ng6 32. a4 Bd6 33. Bc1 Rb3 34. Ne1
Nh4+ 35. Kf2 Bxh2 36. Rc5 Bd6 37. Rxa5 Bb4 38. Rxd5 Rb1 39. Nd3 Bc3 40. Rd8+ Kh7
41. d5 Ra1 42. Ra8 Bd4+ 43. Kg3 Ng6 44. d6 Ne5 45. Nxe5 Bxe5+ 46. Bf4 Bf6 47. d7
Rd1 48. Ra7 g5 49. Be3 Kg7 50. a5 Rd6 51. a6 Bd8 52. Ra8 Rxd7 53. a7 Bc7+ 54.
Kf2 Bf4 55. Bb6 Kf6 56. Rd8 1-0

[Event "27th ECC Women 2023"]
[Site "Durres ALB"]
[Date "2023.10.04"]
[Round "4.5"]
[Board "4"]
[White "Kalaiyalahan, Akshaya"]
[Black "Velikic, Adela"]
[Result "1/2-1/2"]
[WhiteTitle "FM"]
[BlackTitle "WIM"]
[WhiteElo "2168"]
[BlackElo "2274"]
[WhiteTeam "Wood Green"]
[BlackTeam "SK Crvena zvezda Data Driven Lab"]
[WhiteFideId "422894"]
[BlackFideId "913553"]
[EventDate "2023.10.01"]

1. Nf3 d5 2. g3 c5 3. Bg2 Nf6 4. O-O e6 5. d4 cxd4 6. Nxd4 e5 7. Nb3 a5 8. a4
Be6 9. Bg5 Nbd7 10. Nc3 Be7 11. Qd3 O-O 12. Rfd1 d4 13. Nb5 Qc8 14. e3 Bc4 15.
Bxb7 Bxd3 16. Bxc8 Bxb5 17. Bb7 Be2 18. Re1 d3 19. Bxa8 Rxa8 20. cxd3 Bxd3 21.
Rec1 Bb4 22. f3 Nb6 23. Rc6 Nfd7 24. e4 h6 25. Bd2 Bc4 26. Bxb4 axb4 27. Nc5 Bb5
28. Nxd7 Nxd7 29. Rc7 Rxa4 30. Rxa4 Bxa4 31. b3 Bxb3 32. Rxd7 Be6 33. Rd8+ Kh7
34. Rb8 b3 35. Kf2 g5 36. Ke3 h5 37. f4 gxf4+ 38. gxf4 exf4+ 39. Kxf4 Kg6 40. h4
Kf6 41. Rb6 Kg6 42. Ke5 Kg7 43. Rb8 Kg6 44. Rg8+ Kh7 45. Rg2 Bh3 46. Rb2 Be6 47.
Kf6 Kh6 48. Rd2 Bc4 49. Rd8 Kh7 50. Rb8 Bd3 51. e5 Bc4 52. Kg5 Kg7 53. Kxh5 Bd5
54. Kg5 Be6 55. Rb6 Bd5 56. h5 Be6 57. Rb8 Bd5 58. h6+ Kh7 59. Kf6 Be6 60. Kg5
Bd5 1/2-1/2

[Event "27th ECC Women 2023"]
[Site "Durres ALB"]
[Date "2023.10.04"]
[Round "4.6"]
[Board "1"]
[White "Belenkaya, Dina"]
[Black "Guichard, Pauline"]
[Result "1-0"]
[WhiteTitle "WGM"]
[BlackTitle "IM"]
[WhiteElo "2263"]
[BlackElo "2358"]
[WhiteTeam "Rishon Lezion"]
[BlackTeam "Asnieres - Le Grand Echiquier"]
[WhiteFideId "24142654"]
[BlackFideId "639370"]
[EventDate "2023.10.01"]

1. Nf3 Nf6 2. g3 d5 3. Bg2 c5 4. d3 Nc6 5. Nbd2 e6 6. O-O Be7 7. Re1 O-O 8. e4
b5 9. c3 Bb7 10. e5 Nd7 11. Nf1 Qc7 12. Bf4 Rfc8 13. h4 a5 14. h5 h6 15. N1h2
Qd8 16. Qd2 a4 17. Ng4 Bf8 18. Rad1 a3 19. b3 Ra7 20. Kh2 d4 21. c4 bxc4 22.
dxc4 Nb4 23. Nh4 Bxg2 24. Kxg2 Nb8 25. Re4 Be7 26. Nf3 Kf8 27. Bxh6 gxh6 28.
Qxh6+ Ke8 29. Nxd4 cxd4 30. Rexd4 Qb6 31. Nf6+ Bxf6 32. exf6 Nd5 33. cxd5 e5 34.
Re4 Rc2 35. Rxe5+ Kd8 36. Qf8+ Kc7 37. Qxf7+ Nd7 38. d6+ Kb8 39. Re8+ Rc8 40.
Rxc8+ Kxc8 41. Qe8+ 1-0

[Event "27th ECC Women 2023"]
[Site "Durres ALB"]
[Date "2023.10.04"]
[Round "4.6"]
[Board "2"]
[White "Gaponenko, Inna"]
[Black "Lahav, Michal"]
[Result "1-0"]
[WhiteTitle "IM"]
[BlackTitle "WIM"]
[WhiteElo "2332"]
[BlackElo "2212"]
[WhiteTeam "Asnieres - Le Grand Echiquier"]
[BlackTeam "Rishon Lezion"]
[WhiteFideId "14101181"]
[BlackFideId "2813742"]
[EventDate "2023.10.01"]

1. e4 e6 2. d4 d5 3. exd5 exd5 4. Nf3 Nf6 5. Bd3 c5 6. O-O c4 7. Re1+ Be7 8. Bf1
O-O 9. b3 cxb3 10. axb3 Nc6 11. Ne5 Ne4 12. Nxc6 bxc6 13. f3 Ng5 14. Nc3 Bb4 15.
Bd2 Bd6 16. Ne2 Qf6 17. Qc1 Ne6 18. c3 a5 19. b4 Bc7 20. bxa5 h5 21. Kh1 Ba6 22.
Ng1 Bxf1 23. Rxf1 Rxa5 24. Rxa5 Bxa5 25. Nh3 Rb8 26. Qc2 Bc7 27. Rb1 Ra8 28. Kg1
g6 29. Be3 c5 30. Bf2 g5 31. Kh1 g4 32. Ng1 cxd4 33. cxd4 Kg7 34. Rb7 Bd6 35.
Qc6 Ng5 36. Qxd5 Ra1 37. Rb6 Qf4 38. Qxd6 Nh3 39. Be3 gxf3 40. Qxf4 Nxf4 41.
gxf3 Nd5 42. Bh6+ Kh7 43. Rd6 Ne7 44. Bf4 Ng6 45. Bg5 Nf8 46. d5 Rd1 47. h4 Ne6
48. dxe6 Rxd6 49. exf7 1-0

[Event "27th ECC Women 2023"]
[Site "Durres ALB"]
[Date "2023.10.04"]
[Round "4.6"]
[Board "3"]
[White "Tashkinova, Sofiia"]
[Black "Iglesias, Yosha"]
[Result "0-1"]
[BlackTitle "FM"]
[WhiteElo "2042"]
[BlackElo "2259"]
[WhiteTeam "Rishon Lezion"]
[BlackTeam "Asnieres - Le Grand Echiquier"]
[WhiteFideId "14188309"]
[BlackFideId "637823"]
[EventDate "2023.10.01"]

1. e4 c6 2. Nc3 d5 3. Nf3 dxe4 4. Nxe4 Nf6 5. Qe2 Nxe4 6. Qxe4 Be6 7. b3 Nd7 8.
Bb2 Nf6 9. Qe2 Bf5 10. Nd4 Bg6 11. g4 Qa5 12. Bg2 O-O-O 13. O-O e5 14. Bc3 Bb4
15. Bxb4 Qxb4 16. c3 Qd6 17. Nf5 Bxf5 18. gxf5 Nd5 19. Qg4 h5 20. Qa4 Kb8 21.
Rfd1 Nf4 22. Qe4 g6 23. fxg6 Rhg8 24. Kh1 Rxg6 25. Bf3 Nd3 26. Rf1 Rdg8 27. Qe3
f5 28. Rg1 e4 29. Bxh5 f4 30. Qe2 f3 31. Bxf3 exf3 32. Qxf3 Qd5 33. Rg3 Rxg3 0-1

[Event "27th ECC Women 2023"]
[Site "Durres ALB"]
[Date "2023.10.04"]
[Round "4.6"]
[Board "4"]
[White "Nicoara, Malina"]
[Black "Federovski, Adi"]
[Result "1/2-1/2"]
[WhiteTitle "WIM"]
[WhiteElo "2064"]
[BlackElo "1951"]
[WhiteTeam "Asnieres - Le Grand Echiquier"]
[BlackTeam "Rishon Lezion"]
[WhiteFideId "604631"]
[BlackFideId "2813777"]
[EventDate "2023.10.01"]

1. d4 Nf6 2. c4 e6 3. Nc3 Bb4 4. Bd2 c5 5. a3 Bxc3 6. Bxc3 Ne4 7. e3 d5 8. Nf3
Nc6 9. Rc1 Nxc3 10. Rxc3 dxc4 11. Bxc4 cxd4 12. Nxd4 Nxd4 13. exd4 O-O 14. O-O
g6 15. d5 exd5 16. Bxd5 Qf6 17. Qb3 Bf5 18. Rc7 Rac8 19. Rxc8 Rxc8 20. Qxb7 a6
21. Be4 a5 22. h3 Be6 23. b4 axb4 24. axb4 Qe5 25. Rb1 Rb8 26. Qc6 Rc8 27. Qb7
Rb8 28. Qc6 Rc8 29. Qb7 Rb8 30. Qc6 Rc8 1/2-1/2

[Event "27th ECC Women 2023"]
[Site "Durres ALB"]
[Date "2023.10.04"]
[Round "4.7"]
[Board "1"]
[White "Spalir, Monika"]
[Black "Atalik, Ekaterina"]
[Result "0-1"]
[WhiteTitle "WFM"]
[BlackTitle "IM"]
[WhiteElo "2120"]
[BlackElo "2394"]
[WhiteTeam "Gostivar"]
[BlackTeam "Gokturk Chess Sport Club"]
[WhiteFideId "14609118"]
[BlackFideId "4130189"]
[EventDate "2023.10.01"]

1. e4 e5 2. Nf3 Nc6 3. Nc3 d6 4. Bb5 Nf6 5. d4 exd4 6. Nxd4 Bd7 7. O-O Be7 8.
Re1 O-O 9. Nxc6 bxc6 10. Bd3 Rb8 11. b3 Ng4 12. h3 Ne5 13. f4 Ng6 14. Qd2 Bf6
15. Bb2 Bd4+ 16. Kh1 Qh4 17. Rf1 Rbe8 18. Qe1 Qxe1 19. Raxe1 f5 20. exf5 Rxe1
21. Rxe1 Nxf4 22. Re4 Nxd3 23. cxd3 c5 24. Re2 Bxf5 25. Ne4 Bxb2 26. Rxb2 Bxe4
27. dxe4 Rf1+ 28. Kh2 Re1 29. Kg3 Rxe4 30. Kf3 Re5 31. Rc2 Rd5 32. Ke3 Rd4 33.
Rf2 a5 34. a3 g6 35. Rf1 Kg7 36. Rf2 h5 37. g3 Rd1 38. Ke4 c6 39. Rf3 a4 40. b4
cxb4 41. axb4 Rb1 42. Rf2 Rxb4+ 43. Kd3 Rb3+ 44. Kc4 Rxg3 45. Rh2 a3 46. Kb4 a2
47. Rxa2 Rxh3 48. Ra6 Rd3 49. Rxc6 h4 50. Kc4 Rd1 51. Rc7+ Kf6 52. Ra7 Kg5 0-1